Multiple Choice City Quiz - Honolulu - Statistics

General Stats
  • This quiz has been taken 11,197 times
    11,166 since last reset
  • The average score is 7 of 10
Answer Stats
Question Answer % Correct
Which U.S. military base is located near Honolulu? Pearl Harbor
95%
Which U.S. President was born in Honolulu? Barack Obama
93%
What is Honolulu's most famous beach? Waikiki
93%
Which country sends the most tourists to Honolulu? Japan
79%
On what island is the city of Honolulu located? Oahu
75%
Who were Don Ho and Israel Kamakawiwoʻole? Singers
61%
What is the team name of the University of Hawaii? Rainbow Warriors
52%
Who was the last monarch of the Kingdom of Hawaii, who reigned in Honolulu from 1891–1893? Queen Liliʻuokalani
45%
What is the name of the volcanic cone which overlooks the city of Honolulu? Diamond Head
35%
What is Honolulu's nickname? The Big Pineapple
27%
No matching quizzes found
Score Distribution
Percent of People with Each Score
Percentile by Number Answered
Your Score History
You have not taken this quiz since the last reset